000
00255nam a22001097a 4500
082
_a
515.1 MEY'I
100
_a
MEYER, HERMAN
_9
78556
245
_a
INTRODUCTION TO MODERN CALCULUS
260
_a
NEW YORKY
_b
MCGRAW HILL
_c
1969
300
_a
513P
942
_c
BK
999
_c
583662
_d
583662